| 000 | 01067nam a2200289 c 4500 | ||
|---|---|---|---|
| 999 |
_c166687 _d166687 |
||
| 003 | BLK | ||
| 005 | 20220609160726.0 | ||
| 008 | 180411b bul|||||r ||||||| ||bul|| | ||
| 010 | _aKNG00174427000 | ||
| 040 | _aBLK | ||
| 041 |
_aBUL _cBUL |
||
| 080 |
_aНемска литература _b821.112.2 _x-31 _z821.112.2-31 |
||
| 100 | 1 |
_aЙотинген, Ханс фон _eпърви автор _974296 |
|
| 139 |
_aЙотинген, Ханс фон _bИ 85 |
||
| 245 | 1 | 0 |
_aПлъховете дойдоха през нощта _bРоман _cХанс фон Йотинген; прев. от нем. Елена Николова. |
| 257 | _aDEU | ||
| 260 |
_bДърж. воен. изд. _c1966 _aСофия |
||
| 300 |
_a132 с. _c20 см |
||
| 380 | _aX | ||
| 490 |
_aБиблиотека Военни приключения _9204996 |
||
| 700 | 1 |
_aНиколова, Елена _eпрев. от нем. _9366074 |
|
| 852 |
_aЦб 42867 _bО |
||
| 856 | 4 | _qpdf | |
| 856 | 4 | _qpdf | |
| 942 |
_cKNG _n0 _s1 |
||
| 944 |
_aCR _c22.04.2015 _kМилена_Ачева |
||
| 944 |
_aED _c22.04.2015 _kМилена_Ачева |
||
| 944 |
_aED _c2022-06-09 _kВП |
||
| 999 | _d166687 | ||